Statystyki dla Najmniejsze państwa

Kliknij tutaj aby rozwiązać quiz!

Ogólne statystyki

  • Ten quiz został rozwiązany 146 razy
  • Średni wynik to 20 z 30

Statystyki odpowiedzi

KontynentPaństwo% Poprawnych
EuropaWatykan
99%
EuropaSan Marino
95%
EuropaLiechtenstein
93%
EuropaMonako
88%
EuropaMalta
83%
Ameryka Płd.Gujana
70%
Ameryka Płd.Surinam
70%
Ameryka Płd.Urugwaj
69%
Ameryka Płd.Paragwaj
68%
AzjaSingapur
68%
AfrykaSeszele
66%
OceaniaWyspy Marshalla
66%
Ameryka Płn.Saint Kitts i Nevis
65%
OceaniaTuvalu
65%
OceaniaNauru
64%
Ameryka Płn.Barbados
63%
AzjaBrunei
63%
Ameryka Płd.Ekwador
63%
Ameryka Płn.Antigua i Barbuda
61%
OceaniaPalau
61%
Ameryka Płn.Saint Vincent i Grenadyny
61%
AzjaBahrajn
60%
AfrykaRepublika Zielonego Przylądka
60%
OceaniaMikronezja
59%
Ameryka Płn.Grenada
58%
AzjaMalediwy
58%
AfrykaKomory
57%
AfrykaMauritius
57%
AzjaCypr
50%
AfrykaWyspy św. Tomasza i Książęca
7%

Rozkład punktacji

Percentyl według liczby udzielonych odpowiedzi

Procent ludzi z każdym wynikiem

Twoja historia wyników

Nie rozwiązałeś tego quizu